000 00455nam a2200169Ia 4500
003 GCL
008 140319s9999 xx 000 0 eng d
040 _aGCL /
_cGCL
082 0 4 _a621.395
_bD D
100 1 _aJAFFAR A. SABBAGH
245 1 0 _aDESIGN OF LOGIC SYSTEMS: SECOND EDITION /
_cJAFFAR A. SABBAGH
260 _a[S.N] :
_bMACMILLAN PUBLISHING COMPANY ،
_c1992
300 _a102 P
650 0 4 _aLOGIC
650 0 4 _aLOGIC DESIGN
942 _2ddc
_cBK
999 _c12053
_d12053